00637 a2200181 4500999001500000010001400015020002300029035001300052037001500065082001600080100001800096245005100114260006700165300003100232650003800263942003600301952011800337 c4453d4453 aENG-86312 a8172148712c175.00 aEN-69845 bDBAD / PUB14a346.54046911 aArul, Carolin1 aWater laws and rights in India /cCarolin Arul aDelhi bIndian Society for Promoting Christian Knowledgec2005 axvi, 260 p. c23 cm. (Pbk) 0aWaterxLaw and legislationzIndia adplcEN2ddch346.5404691 mARU 001040718NFICaDBADbDBADeDBAD/PUBg175.00l0o346.5404691 ARUpEN-69845r2008-09-15 00:00:00t1v175.00yEN